Pembaharuan Yusoff Zaky Yacob dalam penerbitan majalah Pengasuh /
Saved in:
| Main Author: | |
|---|---|
| Format: | Thesis Book |
| Language: | Malay |
| Published: |
2012
|
| Subjects: | |
| Tags: |
Add Tag
No Tags, Be the first to tag this record!
|
| LEADER | 01011cam a2200277 a 4500 | ||
|---|---|---|---|
| 001 | u857069 | ||
| 003 | SIRSI | ||
| 005 | 201205280954 | ||
| 008 | 120528s2012 a m 000 0 may | ||
| 040 | |a UMA | ||
| 043 | |a a-my--- | ||
| 094 | |a BP63 |b M4Sitni | ||
| 100 | 0 | |a Siti Norbaini Ibrahim | |
| 245 | 1 | 0 | |a Pembaharuan Yusoff Zaky Yacob dalam penerbitan majalah Pengasuh / |c Siti Norbaini Binti Ibrahim |
| 260 | |c 2012 | ||
| 300 | |a xiii, 134 leaves: |b ill. ; |c 30 cm. | ||
| 500 | |a Supervisor : Ustaz Azmul Fahimi Kamaruzaman | ||
| 502 | |a Dissertation (M.Islam Stud.) -- Faculty Pengajian Islam, Universiti Kebangsaan Malaysia, 2012. | ||
| 504 | |a Bibliography: leaves 133 - 134 | ||
| 600 | 0 | 0 | |a Yusoff Zaky Yakub |
| 650 | 0 | |a Malay periodicals |z Malaysia | |
| 650 | 0 | |a Malaysian periodicals |x Religious aspects |x Islam | |
| 650 | 0 | |a Islam |z Malaysia |x Social conditions |y Periodicals | |
| 900 | |a HH | ||
| 596 | |a 18 | ||
| 999 | |a BP63 M4SITNI |w LC |c 1 |i A514367080 |l RESERVES |m P18ISLPURI |r Y |s Y |t TESIS |u 13/6/2012 |o .PUBLIC. GIFT | ||
